01519nam a22002657a 4500008004100000020001800041040000800059041000800067050002900075100003500104245004500139260004500184300002400229520062000253650004500873650003300918650003500951650004500986650003601031650003701067655003301104942000801137952009301145999001501238250605b |||||||| |||| 00| 0 eng d a9780857506689 ctbs aeng aPR9199.4.K5758 bW4 2024 aKliewer, Marcus925374eauthor aWe used to live herec/ Marcus Kliewer. aLondon :bTransworld Publishers, c2024. a312 pages ;c24 cm. aYoung couple Charlie and Eve can’t believe the killer deal they got on an old house deep in the mountains. One day, a man knocks on the door. He says he lived there years before and asks if he can show his family around. As soon as they enter, strange things start to happen, and Eve is desperate for them to leave and never come back. But they can’t – or won’t – take the hint that they are no longer welcome. Then, Charlie vanishes, and Eve begins to lose her grip on reality. She’s convinced there’s something terribly wrong with the house and its past inhabitants . . . or is it all in her head? 0aFlipping (Real estate investment)925375 0aDwellingsxRemodeling925376 0aHaunted placesvFiction925377 0aFamiliesxCrimes againstvFiction925378 0aMissing personsvFiction924148 0aWoman-woman relationships925380 0aPyschological fiction925379 2lcc 00102lcc4070aTBSbTBSd2025-06-05l0oP-EN KLIpB05791r2025-06-05t1w2025-06-05y1 c4712d4712